000
00362nam a2200133Ia 4500
008
151001s9999||||xx |||||||||||||| ||und||
100
_a
गो. ना. दातार
245
_a
कालिकामूर्ती
250
_a
1
260
_b
दामोदर सावळाराम धंदे
260
_c
1969
300
_a
564
365
_b
18
999
_c
958722
_d
958719